000 00259nam a22001217a 4500
008 170210b xxu||||| |||| 00| 0 eng d
041 _aeng
080 _a61
100 _a4
101 _aSHM
245 _aHARRISONS MANUAL MEDICINE
_cKASPER.L
942 _2udc
_cBK
999 _c5135
_d5135